| 000 | 00999nam0a22002651 4500 | ||
|---|---|---|---|
| 001 | rc\4374881 | ||
| 005 | 20250612063556.0 | ||
| 021 |
_aRU _b[63-5478ж] |
||
| 035 | _a(NLR Aleph) 008543543 | ||
| 090 |
_a8362124 _c8362124 |
||
| 100 | _a20130416g19621963|||y0rusy50 ca | ||
| 101 | 0 | _arus | |
| 102 | _aRU | ||
| 105 | _ay z ||||| | ||
| 200 | 1 |
_aВопросы литературы _eСборник статей _f[Ред. коллегия: доц. Л.В. Павлов и др.] |
|
| 210 |
_aПетрозаводск _cКарел. кн. изд-во _d1962 [обл. 1963] |
||
| 215 |
_a103 с. _d26 |
||
| 225 | 1 |
_aПетрозаводский государственный университет. [Ученые записки _vТ. 10. Вып. 2 _iФилологические науки] |
|
| 606 |
_aЛитература _jСборники _2psbo |
||
| 702 | 1 |
_aПавлов _bЛ.В. _4340 |
|
| 801 | 0 |
_aRU _bNLR _gpsbo |
|
| 801 | 1 |
_aRU _bELAR _2rusmarc |
|
| 852 |
_aNLR _jП1/45 |
||
| 942 | _cBOOK | ||
| 980 | _aNB | ||